[Event "Teteven op 32nd"]
[Site "Teteven"]
[Date "2018.08.18"]
[Round "8"]
[White "Stoyanov, Ognyan"]
[Black "Nikolov, Petko"]
[Result "0-1"]
[WhiteElo "1591"]
[BlackElo "1909"]
[PlyCount "80"]
[EventDate "2018.08.11"]
[EventType "swiss"]
[EventRounds "9"]
[EventCountry "BUL"]
[SourceTitle "CBM 186 Extra"]
[Source "ChessBase"]
[SourceDate "2018.08.24"]
[SourceVersion "1"]
[SourceVersionDate "2018.08.24"]
[SourceQuality "1"]

1. c4 c5 2. Nc3 Nc6 3. g3 g6 4. Bg2 Bg7 5. Nf3 Nf6 6. d3 0-0 7. 0-0 d6 8. a3 Bd7 9. h3 Rb8 10. Bd2 a6 11. Rb1 b5 12. cxb5 axb5 13. Qc1 b4 14. Nd1 Na5 15. Ne3 Nb3 16. Qe1 Nxd2 17. Nxd2 Qc8 18. Kh2 e6 19. axb4 Rxb4 20. b3 Bc6 21. Bxc6 Qxc6 22. Qc1 Rfb8 23. Nc2 R4b7 24. Ne3 Nd5 25. Nxd5 Qxd5 26. Qc2 Rb4 27. Nc4 Qc6 28. Nd2 Qa6 29. Ne4 Qb6 30. Nd2 h5 31. e3 Qd8 32. Ne4 R8b6 33. Rfc1 Qa8 34. Nd2 Ra6 35. Qd1 h4 36. Qf3 hxg3+ 37. fxg3 Qxf3 38. Nxf3 Ra2+ 39. Kg1 Bh6 40. Re1 Rc2 0-1

[Event "Teteven op 32nd"]
[Site "Teteven"]
[Date "2018.08.16"]
[Round "6"]
[White "Dimitrov, Dimitar Al"]
[Black "Stoyanov, Ognyan"]
[Result "0-1"]
[WhiteElo "1769"]
[BlackElo "1591"]
[PlyCount "27"]
[EventDate "2018.08.11"]
[EventType "swiss"]
[EventRounds "9"]
[EventCountry "BUL"]
[SourceTitle "CBM 186 Extra"]
[Source "ChessBase"]
[SourceDate "2018.08.24"]
[SourceVersion "1"]
[SourceVersionDate "2018.08.24"]
[SourceQuality "1"]

1. e4 c5 2. Nf3 e6 3. d4 cxd4 4. Nxd4 Nc6 5. Nc3 a6 6. Be3 Bb4 7. Bd3 Qc7 8. 0-0 Nf6 9. f4 g6 10. Nf3 b5 11. h3 Bb7 12. Ne2 0-0 13. c3 Ba5 14. Qe1 0-1